Modificaciones a ley anti-dumping de 1921, contenidas en la ley de comercio internacional de los Estados Unidos de América
Guardado en:
| Institution som forfatter: | |
|---|---|
| Format: | Texto |
| Udgivet: |
México:
IMCE
|
| Tags: |
Tilføj Tag
Ingen Tags, Vær først til at tagge denne postø!
|
MARC
| LEADER | 00000 a a2200000 04500 | ||
|---|---|---|---|
| 001 | 16791 | ||
| 003 | |||
| 040 | |||
| 090 | |a 006200 | ||
| 110 | |a Instituto Mexicano de Comercio Exterior | ||
| 245 | |a Modificaciones a ley anti-dumping de 1921, contenidas en la ley de comercio internacional de los Estados Unidos de América | ||
| 260 | |a México: |b IMCE | ||
| 300 | |a 73 p. | ||
| 999 | |c 8344 |d 8344 | ||
